NFL 200 YARD RECEIVING GAMES SINCE 2010 - Statistics

General Stats
  • This quiz has been taken 181 times
    60 since last reset
  • The average score is 42 of 63
Answer Stats
Hint Answer % Correct
2024 CIN Ja'Marr Chase
100%
2021 CIN Ja'Marr Chase
100%
2022 TB Mike Evans
100%
2014 TB Mike Evans
100%
2023 MIA Tyreek Hill
100%
2020 KC Tyreek Hill
100%
2018 KC Tyreek Hill
100%
2021 GB Davante Adams
98%
2022 MIN Justin Jefferson
98%
2023 DAL CeeDee Lamb
96%
2023 LAC Keenan Allen
94%
2024 CLE Jerry Jeudy
88%
2017 PIT Antonio Brown
84%
2015 PIT Antonio Brown
84%
2023 CHI D.J. Moore
84%
2017 ATL Julio Jones
82%
2016 ATL Julio Jones
82%
2014 ATL Julio Jones
82%
2020 SEA Tyler Lockett
82%
2023 CLE Amari Cooper
80%
2019 DAL Amari Cooper
80%
2018 DAL Amari Cooper
80%
2017 OAK Amari Cooper
80%
2013 HOU Andre Johnson
80%
2012 HOU Andre Johnson
80%
2013 DET Calvin Johnson
80%
2012 DET Calvin Johnson
80%
2011 DET Calvin Johnson
80%
2016 NYG Odell Beckham Jr.
80%
2014 DEN Demaryius Thomas
78%
2011 DEN Demaryius Thomas
78%
2016 DET Marvin Jones
78%
2018 NO Michael Thomas
78%
2017 HOU DeAndre Hopkins
76%
2014 HOU DeAndre Hopkins
76%
2015 CIN A.J. Green
73%
2014 CIN A.J. Green
73%
2019 LAR Cooper Kupp
73%
2014 IND T.Y. Hilton
61%
2013 IND T.Y. Hilton
61%
2018 SF George Kittle
59%
2014 GB Jordy Nelson
57%
2016 MIN Adam Thielen
55%
2010 PHI DeSean Jackson
55%
2012 IND Reggie Wayne
55%
2010 IND Reggie Wayne
55%
2012 TB Vincent Jackson
55%
2011 NE Wes Welker
55%
2012 DAL Dez Bryant
53%
2021 BUF Gabriel Davis
53%
2013 CLE Josh Gordon
51%
2020 LV Darren Waller
45%
2010 ATL Roddy White
41%
2013 CHI Alshon Jeffery
33%
2019 HOU Will Fuller
29%
2014 NYJ Eric Decker
24%
2013 SF Anquan Boldin
20%
2012 JAX Justin Blackmon
18%
2010 CIN Terrell Owens
18%
2012 MIA Brian Hartline
14%
2010 SD Malcom Floyd
6%
2015 PIT Markus Wheaton
4%
2010 TEN Kenny Britt
0%
No matching quizzes found
Score Distribution
Percent of People with Each Score
Percentile by Number Answered
Your Score History
You have not taken this quiz since the last reset